[Event "31st Munich OIS A"]
[Site "Munich GER"]
[Date "2011.09.20"]
[Round "4.4"]
[White "Pierecker,M"]
[Black "Reich,T"]
[Result "1-0"]
[WhiteElo "2218"]
[BlackElo "2391"]

1.e4 g6 2.d4 Bg7 3.Nc3 d6 4.Be3 a6 5.Bc4 e6 6.Qd2 h6 7.Bb3 Nd7 8.f3 Ne7 9.Nge2 b6
10.Nf4 Nf6 11.h4 c6 12.O-O-O d5 13.g4 b5 14.g5 hxg5 15.hxg5 Rxh1 16.Rxh1 Nd7
17.Rh7 Kf8 18.Qh2 Kg8 19.exd5 cxd5 20.Ncxd5 exd5 21.Nxd5 Nf5 22.Bd2 Bb7 23.Ne3 Qb6
24.Nxf5 gxf5 25.Qh5 Ne5 26.Bf4 Re8 27.Rxg7+ Kxg7 28.Bxe5+  1-0

[Event "TCh-Central Serbia 2011"]
[Site "Kraljevo SRB"]
[Date "2011.09.22"]
[Round "8.2"]
[White "Mitrovic,Da1"]
[Black "Rabrenovic,V"]
[Result "0-1"]
[WhiteElo "2303"]
[BlackElo "2378"]

1.e4 d6 2.d4 g6 3.Nc3 Bg7 4.Be3 a6 5.Qd2 b5 6.a4 b4 7.Nd1 a5 8.f3 Nd7 9.Bd3 c6
10.Ne2 Ba6 11.Bxa6 Rxa6 12.O-O Qc7 13.Nf2 Rb6 14.c4 bxc3 15.bxc3 Ngf6 16.Rfb1 O-O
17.Nd3 Rfb8 18.Qa2 Qb7 19.Rxb6 Qxb6 20.Kf2 Qa6 21.Nec1 Nb6 22.Rb1 Nfd7 23.Nb2 h5
24.Ne2 d5 25.e5 e6 26.g4 hxg4 27.fxg4 Nc4 28.Nd1 Rxb1 29.Qxb1 Qb6 30.Qc2 Qd8
31.Kg3 Nxe3 32.Nxe3 Qg5 33.Qd3 Bh6 34.Ng2 Qd2 35.Ngf4 Qxd3+ 36.Nxd3 Nb6 37.Nc5 Bd2
38.Kf2 Nc4 39.Nb3 Bg5 40.Ng1 Bd8 41.Ne2 Bb6 42.Nec1 Nxe5 43.h3 Nd7 44.Ke2 c5
45.dxc5 Nxc5 46.Nxc5 Bxc5 47.Nb3 Bb6 48.Kd3 f5 49.c4 dxc4+ 50.Kxc4 Kf7 51.Kb5 Bd8
52.gxf5 gxf5 53.Kc6 f4 54.Kd7 Bb6 55.h4 Be3 56.Nxa5 f3 57.Nc4 Bf4 58.a5 f2  0-1

[Event "4th Mumbai Mayors Cup"]
[Site "Mumbai IND"]
[Date "2011.09.22"]
[Round "9"]
[White "Prasad,De"]
[Black "Rahman,Zia"]
[Result "0-1"]
[WhiteElo "2365"]
[BlackElo "2528"]

1.e4 g6 2.d4 Bg7 3.Nc3 d6 4.Be3 a6 5.Qd2 b5 6.O-O-O Bb7 7.f3 Nd7 8.h4 h6
9.Nh3 Nb6 10.Nf2 Nf6 11.g4 Nfd7 12.f4 b4 13.Nb1 c5 14.f5 Qc7 15.a3 Rc8 16.axb4 cxd4
17.Bf4 Nc4 18.Bxc4 Qxc4 19.Rh3 a5 20.Qd3 Qxb4 21.fxg6 fxg6 22.e5 O-O 23.Qxg6 Rxf4
24.Nd3 Rxc2+ 25.Kxc2 Qc4+ 26.Kd2 Nxe5 27.Na3 Qa2 28.Nxe5 Qxb2+ 29.Nc2 dxe5  0-1

[Event "8th Highlands Open"]
[Site "Zdar nad Sazavou CZE"]
[Date "2011.09.25"]
[Round "2"]
[White "Cieslak,L"]
[Black "Bartos,J"]
[Result "0-1"]
[WhiteElo "1985"]
[BlackElo "2239"]

1.e4 g6 2.d4 Bg7 3.Nc3 d6 4.Be3 a6 5.Qd2 Nd7 6.O-O-O b5 7.h4 h6 8.h5 g5 9.f4 Ndf6
10.e5 Ng4 11.Nf3 gxf4 12.Bxf4 dxe5 13.Nxe5 Nxe5 14.Bxe5 Bxe5 15.dxe5 Bg4
16.Be2 Qxd2+ 17.Rxd2 Bxe2 18.Nxe2 e6 19.Rhd1 Ne7 20.Nc3 Nc6 21.Re2 Ke7 22.Rf1 Rhg8
23.Rf6 Nxe5 24.Rxh6 Ng4 25.Rh7 Nf6 26.Rh6 Rg7 27.a3 Ng4 28.Nd5+ Kd6 29.Rf6 Kxd5  0-1

[Event "FPX 70 Anos"]
[Site "Sao Paulo BRA"]
[Date "2011.09.26"]
[Round "2.2"]
[White "Lebredo Zaragoitia,G"]
[Black "Crosa Coll,M"]
[Result "0-1"]
[WhiteElo "2240"]
[BlackElo "2354"]

1.d4 g6 2.e4 d6 3.Nc3 Bg7 4.Nf3 a6 5.Be2 b5 6.a3 Bb7 7.Bf4 Nd7 8.Qd2 Ngf6
9.e5 Nh5 10.Bh6 dxe5 11.Bxg7 Nxg7 12.dxe5 Nc5 13.Qe3 Nce6 14.Rd1 Qb8 15.Bd3 Qa7
16.Qxa7 Rxa7 17.Be4 O-O 18.O-O Bxe4 19.Nxe4 c6 20.Rd2 Rd8 21.Rxd8+ Nxd8 22.Rd1 Nde6
23.g3 h6 24.h4 Kf8 25.Kf1 Ke8 26.Ke2 a5 27.Rd3 Nf5 28.Kd2 Rb7 29.b3 Ra7 30.Kc3 Nfg7
31.Kb2 Rc7 32.b4 Ra7 33.Nfd2 Nc7 34.Nb3 axb4 35.axb4 Nd5 36.c3 Ne6 37.Na5 Kd7
38.Kb3 Kc7 39.Rd1 Ra8 40.Rd3 f5 41.exf6 exf6 42.c4 bxc4+ 43.Kxc4 f5 44.Nc5 Nb6+
45.Kc3 Nxc5 46.bxc5 Nd5+  0-1

[Event "Tatry Open"]
[Site "Tatranske Zruby SVK"]
[Date "2011.09.27"]
[Round "3.29"]
[White "Vlach,K"]
[Black "Kebis,M"]
[Result "1-0"]
[WhiteElo "2183"]
[BlackElo "2008"]

1.e4 g6 2.d4 Bg7 3.Nc3 d6 4.Be3 Nf6 5.Qd2 Ng4 6.Bg5 h6 7.Bh4 Nc6 8.h3 Nf6
9.f4 Nh7 10.Nf3 O-O 11.Bc4 Na5 12.Be2 a6 13.O-O b5 14.Nd5 Nc6 15.a4 bxa4
16.Rxa4 Nf6 17.Nc3 Qe8 18.b3 Bb7 19.Rfa1 Nb8 20.Bd3 Nfd7 21.Nd5 Bxd5 22.exd5 c5
23.dxc6 Nxc6 24.Bxa6 Nb6 25.R4a2 e5 26.dxe5 dxe5 27.Bb5 Rxa2 28.Rxa2 Qe6
29.Bxc6 Qxc6 30.fxe5 Nd7 31.Be7 Re8 32.Qd6 Qb5 33.e6 fxe6 34.Qxe6+ Kh7 35.Qd6 Ne5
36.Nd4 Qb7 37.Bf6 Nf7 38.Qf4 Re4 39.Qf2 Qb4 40.Bxg7 Kxg7 41.Nf3 Qe7 42.c4 Re3
43.Qb2+ Kh7 44.b4 Qd6 45.c5 Qd5 46.Ra7 Qe6 47.Qa2 Rb3 48.Ne5 Qd5 49.Rxf7+  1-0

[Event "Tatry Open"]
[Site "Tatranske Zruby SVK"]
[Date "2011.09.27"]
[Round "4.6"]
[White "Vesselovsky,S"]
[Black "Petran,Pe"]
[Result "1-0"]
[WhiteElo "2362"]
[BlackElo "2297"]

1.e4 g6 2.d4 Bg7 3.Nc3 d6 4.Be3 c6 5.Qd2 b5 6.Bd3 Nd7 7.a4 b4 8.Nce2 a5 9.Nf3 Ba6
10.O-O Bxd3 11.cxd3 Rc8 12.Rac1 e5 13.dxe5 Nxe5 14.Nxe5 dxe5 15.Rc5 Ne7 16.Rd1 O-O
17.d4 exd4 18.Nxd4 Re8 19.Qc2 Qb6 20.Nb3 Red8 21.Rc1 Qa6 22.Rxa5 Qd3 23.Qxd3 Rxd3
24.Nc5 Rd6 25.b3 Rcd8 26.g3 f5 27.Kg2 fxe4 28.Nb7 Rd5 29.Nxd8 Rxa5 30.Nxc6 Nxc6
31.Rxc6 Rd5 32.Bc5 Rd2 33.a5 Bd4 34.Bxd4 Rxd4 35.a6 Kg7 36.a7 Rd8 37.Ra6 Ra8
38.Kf1  1-0

[Event "Tatry Open"]
[Site "Tatranske Zruby SVK"]
[Date "2011.09.27"]
[Round "4.38"]
[White "Hanzluvka,P"]
[Black "Bucek,E"]
[Result "0-1"]
[WhiteElo "1987"]
[BlackElo "2049"]

1.e4 g6 2.d4 Bg7 3.Nc3 d6 4.Nf3 Nf6 5.Be2 O-O 6.O-O Nbd7 7.Bf4 b6 8.Qd2 Bb7
9.Bd3 Re8 10.Rad1 e5 11.dxe5 dxe5 12.Bh6 Nc5 13.Bxg7 Kxg7 14.Rfe1 Qe7 15.Qg5 h6
16.Qg3 Rad8 17.Nh4 Kh7 18.Nf3 Nh5 19.Qh4 Qxh4 20.Nxh4 Nxd3 21.cxd3 Nf4 22.Re3 Ba6
23.g3 Ne6 24.Nf3 f6 25.Nd5 Kg7 26.Rc1 Rd7 27.Ne1 Bb7 28.Nc3 Red8 29.b4 c5
30.bxc5 Nxc5 31.Rd1 Kf7 32.f4 exf4 33.gxf4 Ne6 34.Ne2 Ba6 35.Kf2 Nc5 36.Nc1 Rd4
37.Kf3 Bb7 38.Nb3 Nxe4 39.Rc1 Nc5+ 40.Kg3 Nxb3 41.axb3 R8d7 42.Rc4 Ba6 43.Rc3 Re7
44.Rxe7+ Kxe7 45.Kf3 Kd6 46.Ke3 Rd5 47.Nf3 Bb7 48.Rc2 Rh5 49.Nd2 Bd5 50.Ne4+ Bxe4
51.Kxe4 f5+ 52.Kd4 Rh4 53.Rf2 a5 54.Ke3 Kd5 55.Rg2 Rg4 56.Rc2 g5 57.fxg5 hxg5
58.Rc8 Rb4 59.Rf8 Ke5 60.Re8+ Kf6  0-1

[Event "8th Highlands Open"]
[Site "Zdar nad Sazavou CZE"]
[Date "2011.09.27"]
[Round "4"]
[White "Parligras,C"]
[Black "Pavlis,J"]
[Result "1/2-1/2"]
[WhiteElo "2267"]
[BlackElo "2033"]

1.e4 d6 2.d4 g6 3.Nc3 Bg7 4.Nf3 Nf6 5.h3 c6 6.Be3 O-O 7.Be2 b6 8.g4 Ba6 9.g5 Bxe2
10.Qxe2 Nh5 11.O-O-O Qc8 12.Kb1 Qa6 13.Qd2 Nd7 14.Nh2 b5 15.Ng4 Nb6 16.b3 Qb7
17.e5 Rab8 18.Ne4 Qc7 19.exd6 exd6 20.Nef6+ Bxf6 21.gxf6 Nd5 22.Bg5 b4 23.Rde1 Rfe8
24.Rxe8+ Rxe8 25.Re1 Qd7 26.Rxe8+ Qxe8 27.Ne3 Nc3+ 28.Kb2 Ne4 29.Qxb4 Nxg5
30.Qxd6 Ne4 31.Qc7 Nhxf6 32.Qxa7 Nxf2 33.Nc4 Qd7 34.Qc5 Nd1+ 35.Kc1 Nc3 36.Kb2 Nfe4
37.Qb6 Qxh3 38.Qxc6 Qf1 39.a4 Qb1+ 40.Ka3 Qxc2 41.a5 Nb1+ 42.Kb4 Qc3+ 43.Kb5 Qxb3+
44.Ka6 Qd3 45.Kb7 Qxd4 46.Qe8+ Kg7 47.Qe5+ Qxe5 48.Nxe5 Na3 49.Kc6 Nc2 50.Nd3 h6
51.a6 Nf2 52.a7 Nxd3 53.a8=Q Ncb4+ 54.Kd6 Nf4 55.Qa1+ Kg8 56.Qe5 Nbd5 57.Kd7 h5
58.Qe8+  1/2-1/2

[Event "Tatry Open"]
[Site "Tatranske Zruby SVK"]
[Date "2011.09.29"]
[Round "6.20"]
[White "Sturc,J"]
[Black "Petran,Pe"]
[Result "0-1"]
[WhiteElo "2031"]
[BlackElo "2297"]

1.e4 g6 2.d4 Bg7 3.Nc3 d6 4.Nf3 Nf6 5.Be3 O-O 6.Be2 Bg4 7.h3 Bxf3 8.Bxf3 Nc6
9.O-O Nd7 10.Be2 e5 11.dxe5 dxe5 12.Qd2 Nd4 13.Rad1 c6 14.Rfe1 Qe7 15.Bf1 Nb6
16.f4 Rfd8 17.Qf2 Qb4 18.fxe5 Ne6 19.Rxd8+ Rxd8 20.Nd1 Bxe5 21.c3 Qd6 22.Qf3 Qe7
23.Nf2 h5 24.Bd3 Bb8 25.Bc2 Nc4 26.Bc1 Qc7 27.e5 Nxe5 28.Qf6 Nd7 29.Qf3 Re8
30.Ne4 f5 31.Ng5 Ne5 32.Qe2 Nxg5 33.Bxg5 Nf3+ 34.Qxf3 Rxe1+ 35.Kf2 Re8 36.g3 Qe5
37.Bb3+ Kg7 38.Be3 Qxg3+ 39.Qxg3 Bxg3+ 40.Kf3 Be5 41.Bxa7 g5  0-1

[Event "Tatry Open"]
[Site "Tatranske Zruby SVK"]
[Date "2011.09.30"]
[Round "7.38"]
[White "Kubik,M"]
[Black "Seelinger,L"]
[Result "1-0"]
[WhiteElo "1980"]
[BlackElo "2237"]

1.e4 g6 2.d4 Bg7 3.Nc3 d6 4.f4 Nf6 5.Nf3 O-O 6.Be3 Nbd7 7.Qe2 c5 8.O-O-O Qa5
9.e5 Ng4 10.Bg1 cxd4 11.Nxd4 Nc5 12.h3 dxe5 13.Ndb5 a6 14.Bxc5 axb5 15.Qxb5 Nf6
16.Bxe7 exf4 17.Bxf8 Bxf8 18.Bc4 Kg7 19.Rhe1 Bb4 20.Qxa5 Rxa5 21.Rd4 g5 22.Bb3 Bc5
23.Rd8 Bd7 24.Rd1 Bc6 25.Nd5 Nxd5 26.Bxd5 Be7 27.Bxc6 Bxd8 28.Bxb7 Bf6 29.Bd5 h5
30.Rd3 g4 31.hxg4 hxg4 32.b4 Rb5 33.a3 Rb8 34.c4 Be5 35.Kc2 Rh8 36.Rd2 Rh1
37.c5 Rf1 38.b5 f3 39.gxf3 gxf3 40.b6 Bf4 41.Rd1 Rf2+ 42.Kb3 Be5 43.Ka4 Rc2
44.Bxf3 Rxc5 45.Rd5 Rxd5 46.Bxd5 Bd6 47.Kb3 Bc5 48.b7 Ba7 49.Kb4 Kf6 50.Kb5 Ke5
51.Ka6 Bb8 52.Bxf7 Kd6 53.Kb6 Kd7 54.a4 Kd6 55.a5 Kd7 56.a6  1-0

[Event "Tatry Open"]
[Site "Tatranske Zruby SVK"]
[Date "2011.10.01"]
[Round "8.42"]
[White "Hrbolka,L sr"]
[Black "Komlosi,F"]
[Result "1-0"]
[WhiteElo "2133"]
[BlackElo "1933"]

1.e4 d6 2.d4 g6 3.Nc3 Bg7 4.h4 h5 5.Be3 Nf6 6.f3 c6 7.Nh3 Bxh3 8.Rxh3 Qa5
9.Qd2 Nbd7 10.O-O-O Qc7 11.Kb1 b5 12.Bd3 Nb6 13.Rg1 Nc4 14.Bxc4 bxc4 15.g4 Rb8
16.gxh5 Nxh5 17.Nd1 Qb7 18.c3 Qd7 19.Rh2 Qe6 20.Bg5 Bf6 21.Ne3 Bxg5 22.Rxg5 Rd8
23.d5 cxd5 24.Nxd5 Rc8 25.Qd4 Nf6 26.Nf4 Qd7 27.Nd5 Rg8 28.Nxf6+ exf6 29.Qxf6 Qe7
30.Qd4 f6 31.Rd5 f5 32.Rxd6 Rc7 33.Rd2 Qxh4 34.Rd8+ Kf7 35.Qd5+ Kf6 36.Rxg8  1-0

[Event "TCh-CZE Liga 1 Zapad"]
[Site "Czech Rep CZE"]
[Date "2011.10.02"]
[Round "1.5"]
[White "Novacek, Jan"]
[Black "Fiala, Jaroslav"]
[Result "0-1"]
[WhiteElo "2138"]
[BlackElo "2235"]

1.d4 g6 2.Nc3 Bg7 3.e4 d6 4.Be3 a6 5.Be2 b5 6.a3 Bb7 7.Bf3 Nd7 8.Nge2 Nb6
9.b3 e6 10.O-O Ne7 11.Qd2 O-O 12.Bh6 Qc8 13.Bxg7 Kxg7 14.Qg5 f6 15.Qe3 e5
16.Ng3 Qe6 17.Rad1 exd4 18.Qxd4 Qe5 19.Qd3 Qc5 20.Nce2 Nc6 21.Nf4 Rae8 22.Bg4  0-1

[Event "TCh-CZE Liga1 Vychod"]
[Site "Czech Rep CZE"]
[Date "2011.10.02"]
[Round "1"]
[White "Krcal, Michal"]
[Black "Kubicek, Antonin"]
[Result "1-0"]
[WhiteElo "2130"]
[BlackElo "2255"]

1.e4 g6 2.d4 Bg7 3.Nc3 d6 4.Be3 c6 5.Qd2 b5 6.Bd3 a6 7.h3 Nd7 8.f4 Nb6 9.Nf3 Nf6
10.O-O Nc4 11.Bxc4 bxc4 12.b3 a5 13.e5 Nd5 14.bxc4 Nxe3 15.Qxe3 O-O 16.c5 Bf5
17.Rab1 Bxc2 18.Rb6 Rc8 19.Rf2 Bf5 20.Rfb2 dxc5 21.dxc5 Be6 22.Nd4 Bd5 23.Rd2 Qc7
24.Nxd5 cxd5 25.Rc2 e6 26.Rd6 Rb8 27.c6 Rb1+ 28.Kh2 Rb4 29.a3 Rc4 30.Nb5 Qe7
31.Rxc4 dxc4 32.Rd7 Qh4 33.g3 Qh5 34.c7 Qf5 35.Rd8 Qc2+ 36.Kg1 Qb1+ 37.Kg2 Qb2+
38.Qf2 Qxb5 39.c8=Q Rxd8 40.Qxd8+ Bf8 41.Qfd2 Qc6+ 42.Kh2 c3 43.Q2d6  1-0

[Event "1st Qinhuangdao Open"]
[Site "Qinhuangdao CHN"]
[Date "2011.10.02"]
[Round "2"]
[White "Zhai Mo"]
[Black "Arutinian,D"]
[Result "0-1"]
[WhiteElo "2205"]
[BlackElo "2577"]

1.e4 g6 2.d4 Bg7 3.Nc3 d6 4.f4 a6 5.Nf3 b5 6.Bd3 Bb7 7.O-O Nd7 8.Kh1 c5 9.d5 Ngf6
10.e5 Nxd5 11.Nxd5 Bxd5 12.exd6 e6 13.f5 gxf5 14.Bxf5 Ne5 15.Ng5 Qxd6 16.Bh3 O-O-O
17.Bf4 Qc6 18.Bxe5 Bxe5 19.Nxf7 Bb8 20.Qe2 Rhe8 21.Nxd8 Qc7 22.Kg1 Qxh2+
23.Kf2  0-1

[Event "Oslo GM Open"]
[Site "Oslo NOR"]
[Date "2011.10.05"]
[Round "5.16"]
[White "Meurs,T"]
[Black "Batsiashvili,N"]
[Result "0-1"]
[WhiteElo "2217"]
[BlackElo "2413"]

1.e4 g6 2.d4 Bg7 3.Nc3 d6 4.Be3 a6 5.Qd2 b5 6.h4 h5 7.O-O-O Bb7 8.f3 Nd7
9.Kb1 Rc8 10.Nh3 c5 11.dxc5 Nxc5 12.Bd4 Nf6 13.Ng5 O-O 14.g4 e5 15.Be3 hxg4
16.h5 gxh5 17.Bg2 b4 18.Nd5 Bxd5 19.exd5 Na4 20.Qd3 gxf3 21.Bxf3 e4 22.Bxe4 Nxb2
23.Bh7+ Kh8 24.Kxb2 Rc3 25.Bd4 Rxd3 26.Bxd3 Kg8 27.Rdg1 Re8 28.Nh7 Re5 29.Nxf6+ Qxf6
30.Rxh5 Kf8 31.Rh7 Qf4 32.c3 Re2+ 33.Bxe2 Bxd4 34.Rd1 bxc3+ 35.Kb3 Bg7 36.Rh3 Qf2  0-1

[Event "1st Qinhuangdao Open"]
[Site "Qinhuangdao CHN"]
[Date "2011.10.05"]
[Round "7"]
[White "Ding Yixin"]
[Black "Arutinian,D"]
[Result "0-1"]
[WhiteElo "2340"]
[BlackElo "2577"]

1.e4 g6 2.d4 Bg7 3.Nc3 d6 4.Nf3 a6 5.a4 b6 6.h3 Bb7 7.Bd3 Nd7 8.O-O Ngf6
9.Be3 O-O 10.Qd2 e5 11.dxe5 dxe5 12.Bh6 Qe7 13.Bxg7 Kxg7 14.Qe3 Nc5 15.Rad1 Rad8
16.Rfe1 Rfe8 17.Rd2 a5 18.b3 Rd6 19.Red1 h6 20.Nb5 Rd7 21.Nc3 Rd6 22.Nb5 Rd7
23.Nc3 Red8 24.Kh1 Rd4 25.Nb5 R4d7 26.Nc3 Bc6 27.Kg1 Rd6 28.Kf1 Rd4 29.Ne2 Rb4
30.Bc4 Rxd2 31.Nxd2 Nfxe4 32.Nxe4 Bxe4 33.c3 Rxc4 34.bxc4 Qe6 35.f4 Qxc4
36.fxe5 Ne6 37.Kg1 Qxa4 38.Rf1 Bd5 39.Qf2 Qe8 40.Qf6+ Kg8 41.Qh4 Qb5 42.Qf2 Qc5
43.Nd4 Nxd4 44.cxd4 Qc4 45.h4 h5 46.Qf4 Qe2 47.Qg5 Kh7 48.Qg3 c6 49.Re1 Qc4
50.Qe3 a4 51.Rc1 Qb5 52.Qa3 Qe2 53.Qg3 Qd2 54.Rf1 Qxd4+ 55.Kh2 b5 56.Rf4 Qb2
57.Rf2 Qb3 58.Qf4 a3 59.e6 Bxe6 60.Qf6 Qb4 61.Re2 Qd6+ 62.g3 b4 63.Qf2 b3
64.Rd2 Bd5  0-1

[Event "20th TCh-CRO 1b"]
[Site "Sibenik CRO"]
[Date "2011.10.06"]
[Round "3.4"]
[White "Rosandic,D"]
[Black "Tomerlin,S"]
[Result "0-1"]
[WhiteElo "2255"]
[BlackElo "2285"]

1.e4 g6 2.d4 Bg7 3.Nc3 d6 4.g3 Nc6 5.Be3 Nf6 6.h3 a6 7.a4 O-O 8.Bg2 Nd7 9.Nge2 Nb4
10.O-O e6 11.Qd2 c5 12.Nb1 Nc6 13.Na3 Qc7 14.Rfd1 Rb8 15.c3 Na5 16.Nc1 c4
17.Bh6 Nb6 18.Bxg7 Kxg7 19.Nc2 Bd7 20.Rf1 Bxa4 21.Ne3 Nb3 22.Nxb3 cxb3 23.f4 Bb5
24.Rf2 Nc4 25.Nxc4 Bxc4 26.e5 f6 27.exf6+ Rxf6 28.Re1 Rbf8 29.h4 a5 30.Bh3 a4
31.Qc1 b5 32.Qa1 e5 33.dxe5 dxe5 34.Rxe5 Qxe5 35.fxe5 Rxf2 36.Qa3 Re2 37.Qc5 Re1+
38.Kh2 Rf2+ 39.Qxf2 Re2  0-1

[Event "20th TCh-CRO 1a"]
[Site "Sibenik CRO"]
[Date "2011.10.06"]
[Round "3.4"]
[White "Biliskov,V"]
[Black "Martic,Z"]
[Result "1/2-1/2"]
[WhiteElo "2354"]
[BlackElo "2364"]

1.e4 d6 2.d4 g6 3.Nc3 Bg7 4.Be3 a6 5.f4 b5 6.Nf3 Bb7 7.Bd3 Nd7 8.e5 e6 9.O-O Ne7
10.a4 b4 11.Ne4 Bxe4 12.Bxe4 d5 13.Bd3 c5 14.dxc5 Qa5 15.Qd2 O-O 16.Qf2 f6
17.Nd4 fxe5 18.Nxe6 Rf6 19.Nxg7 Kxg7 20.Qh4 e4 21.Be2 Nf5 22.Qf2 Nxe3 23.Qxe3 Qxc5
24.Qxc5 Nxc5 25.Rfd1 Rd8 26.Rd4 a5 27.Rad1 Rfd6 28.Bg4 h5 29.Bh3 Nxa4 30.Ra1 Nxb2
31.Rxa5 Nc4 32.Rb5 e3 33.Rxb4 Ra8 34.Kf1 Ra1+ 35.Ke2 Rc6 36.Rxd5 Rc1 37.Rd7+ Kf6
38.Rb8 Rxc2+ 39.Kf3 Nd2+ 40.Kxe3 Nf1+ 41.Ke4 R6c4+ 42.Rd4 Re2+ 43.Kd3 Rxd4+
44.Kxe2 Nxh2 45.Rb6+ Kg7 46.Kf2 Rd3 47.Rb5 Kf6 48.Kg1 Ng4 49.Bxg4 hxg4 50.Kh2 g3+
51.Kh3 Ra3 52.Rg5 Ra6 53.Kxg3 Rb6 54.Rd5 Ra6 55.Kf3 Rb6 56.g4 Rb1 57.g5+ Kf7
58.Rd7+ Kf8 59.Ke4 Re1+ 60.Kd5 Re2 61.Ra7 Re1 62.Ra6 Kg7 63.Re6 Rd1+ 64.Ke5 Rd7
65.Rd6 Re7+ 66.Kd5 Rf7 67.Ke5 Rf5+ 68.Ke4 Rf7 69.Rd5 Re7+ 70.Re5 Rd7 71.f5 gxf5+
72.Kxf5 Rf7+ 73.Kg4 Rf1  1/2-1/2

[Event "TCh-POL Ekstraliga"]
[Site "Katowice POL"]
[Date "2011.10.07"]
[Round "7.5"]
[White "Wieczorek,O"]
[Black "Praszak,M"]
[Result "1-0"]
[WhiteElo "2383"]
[BlackElo "2190"]

1.e4 g6 2.d4 Bg7 3.Nc3 d6 4.f4 c6 5.Nf3 Nd7 6.Bd3 b5 7.e5 b4 8.Ne4 d5 9.Neg5 e6
10.f5 Nf8 11.f6 Bh6 12.a3 Bxg5 13.Bxg5 Qb6 14.axb4 Qxb4+ 15.Bd2 Qb6 16.g4 g5
17.h4 gxh4 18.Rxh4 h6 19.b4 Nd7 20.Qe2 Qc7 21.g5 h5 22.Qh2 a5 23.Rxh5 Rxh5
24.Qxh5 Bb7 25.Rxa5 Rxa5 26.bxa5 c5 27.Qh8 c4 28.Qxg8+ Nf8 29.Bb4  1-0

[Event "ch-UKR w 2011"]
[Site "Poltava UKR"]
[Date "2011.10.07"]
[Round "1.1"]
[White "Gaponenko,I"]
[Black "Tantsiura,M"]
[Result "1/2-1/2"]
[WhiteElo "2445"]
[BlackElo "2138"]

1.e4 g6 2.d4 Bg7 3.Nc3 d6 4.f4 a6 5.Nf3 b5 6.Bd3 Nd7 7.e5 c5 8.Ng5 Nh6 9.Qf3 Rb8
10.e6 Nf6 11.dxc5 Bxe6 12.Nxe6 fxe6 13.Qc6+ Kf7 14.cxd6 Qxd6 15.Qxd6 exd6
16.h3 d5 17.g4 Nd7 18.O-O Nc5 19.f5 gxf5 20.gxf5 Nxd3 21.fxe6+ Kxe6 22.cxd3 Rhg8
23.Kh1 Bxc3 24.bxc3 Nf5 25.Re1+ Kf6 26.Bf4 Rbe8 27.Rxe8 Rxe8 28.a4 d4 29.axb5 axb5
30.cxd4 Nxd4 31.Rf1 Ke6 32.Bd2 Re7 33.Rf8 Rf7 34.Re8+ Re7 35.Rf8 Rf7 36.Re8+ Re7
37.Rf8 Rf7 38.Re8+ Re7  1/2-1/2

[Event "20th TCh-CRO 1a"]
[Site "Sibenik CRO"]
[Date "2011.10.08"]
[Round "5.5"]
[White "Leventic,I"]
[Black "Martic,Z"]
[Result "1-0"]
[WhiteElo "2468"]
[BlackElo "2364"]

1.e4 d6 2.d4 g6 3.Nc3 Bg7 4.Be3 a6 5.a4 b6 6.Nf3 Bb7 7.Bd3 Nd7 8.O-O e6 9.Qd2 Ngf6
10.Bh6 O-O 11.Rfe1 c5 12.Bxg7 Kxg7 13.e5 Ne8 14.Be4 d5 15.Bd3 h6 16.Nd1 Nc7
17.c3 Bc6 18.b4 Qe7 19.Ne3 Rh8 20.h4 c4 21.Bc2 Rag8 22.Ng4 f5 23.exf6+ Nxf6
24.Qf4 Nxg4 25.Qxg4 Be8 26.Ne5 Kf8 27.Re3 Qg7 28.Qf4+ Ke7 29.Nxc4  1-0

[Event "e2e4 High Wycombe Open"]
[Site "Uplands Park ENG"]
[Date "2011.10.08"]
[Round "3"]
[White "Wang,Maria"]
[Black "Bennett,P"]
[Result "1-0"]
[WhiteElo "1728"]
[BlackElo "2040"]

1.e4 g6 2.d4 Bg7 3.Nc3 d6 4.Be3 a6 5.Qd2 b5 6.O-O-O Nd7 7.h4 h5 8.Kb1 Bb7
9.f3 Rc8 10.Nh3 c5 11.dxc5 Nxc5 12.Bd4 Nf6 13.Ng5 O-O 14.Nd5 e5 15.Nxf6+ Qxf6
16.Be3 Rfd8 17.Qb4 Qe7 18.Bd3 f6 19.Nh3 Qc7 20.Rc1 Bf8 21.Qe1 Qf7 22.Rg1 d5
23.g4 hxg4 24.Bxc5 Bxc5 25.Rxg4 d4 26.Qg3 Kh7 27.f4 Bd6 28.Rf1 Re8 29.f5 Rg8
30.Qf3 gxf5 31.Qxf5+ Kh8 32.Ng5 Qg7 33.Qxf6 Be7 34.Nf7+  1-0

[Event "TCh-BEL 2011-12"]
[Site "Belgium BEL"]
[Date "2011.10.09"]
[Round "1.5"]
[White "Schut,L"]
[Black "Vandenbussche,T"]
[Result "1/2-1/2"]
[WhiteElo "2290"]
[BlackElo "2362"]

1.e4 d6 2.d4 g6 3.Nc3 Bg7 4.Be3 a6 5.f4 b5 6.Qd2 Bb7 7.Bd3 Nf6 8.e5 Ng4 9.Nf3 c5
10.dxc5 dxe5 11.fxe5 O-O 12.O-O-O Qa5 13.Kb1 b4 14.Ne4 Rd8 15.Qe2 Nd7 16.e6 fxe6
17.Bc4 Nf8 18.Nfg5 Nxe3 19.Qxe3 Bd5 20.Qb3 Bxc4 21.Qxc4 Qb5 22.Qb3 Rxd1+
23.Rxd1 Rd8 24.Rc1 Qc6 25.Qf3 Qd5 26.Qf7+ Kh8 27.Qf2 Rd7 28.Qe3 h6 29.Nf3 g5
30.Nf2 Ng6 31.Qe4 Nf4 32.Qxd5 exd5 33.g3 Ng6 34.Nd3 g4 35.Nd2 a5 36.Nb3 a4
37.Na5 a3 38.c6 Rc7 39.Nxb4 axb2 40.Rd1 e6 41.Na6 Rc8 42.c7 Be5 43.Nc6 Bxc7
44.Na7 Ra8 45.Nxc7 Rxa7 46.Nxe6 Ra5 47.Nc7 Ne7 48.Kxb2 Kg7 49.Rf1 Kg6 50.Rf4 h5
51.Kb3 Rc5 52.Ne6 Rc6 53.Nd4 Rb6+ 54.Kc3 Ra6 55.Kb2 Rb6+ 56.Nb3 Nc6 57.Kc3 Ne5
58.Kd4 Nf3+ 59.Kxd5 Nxh2 60.Rf2 Nf3 61.c4  1/2-1/2

[Event "Lichtenrader Autumn"]
[Site "Berlin GER"]
[Date "2011.10.10"]
[Round "3.5"]
[White "Lagunow,A"]
[Black "Kollberg,L"]
[Result "1-0"]
[WhiteElo "2430"]
[BlackElo "2237"]

1.e4 g6 2.d4 Bg7 3.Nc3 d6 4.Nge2 c6 5.a4 Nf6 6.g3 O-O 7.Bg2 Nbd7 8.O-O a5
9.h3 e5 10.Be3 exd4 11.Bxd4 Qe7 12.g4 h5 13.g5 Ne8 14.Bxg7 Nxg7 15.Qd2 Nc5
16.Rad1 Rd8 17.f4 Be6 18.f5 gxf5 19.Ng3 f4 20.Qxf4 Bc4 21.Rf2 Qe5 22.Qh4 Nce6
23.Nf5 Nxf5 24.exf5 Ng7 25.Qxc4 Nxf5 26.Qe4  1-0

[Event "20th TCh-CRO 1a"]
[Site "Sibenik CRO"]
[Date "2011.10.10"]
[Round "7.1"]
[White "Zelcic,R"]
[Black "Muse,M"]
[Result "1/2-1/2"]
[WhiteElo "2564"]
[BlackElo "2443"]

1.e4 g6 2.d4 Bg7 3.Nc3 d6 4.Be3 Nf6 5.Qd2 c6 6.Bh6 Bxh6 7.Qxh6 e5 8.O-O-O Qe7
9.h3 Nbd7 10.Nf3 Qf8 11.Qh4 Qe7 12.Qh6 Qf8 13.Qg5 Qe7 14.Be2 h6 15.Qe3 Kf8
16.Rd2 Kg7 17.Rhd1 Re8 18.Nh2 Nb6 19.Qg3 exd4 20.Rxd4 d5 21.exd5 Nbxd5 22.Nxd5 Nxd5
23.Bc4 Nb6 24.Bb3 Qg5+ 25.Rf4 Be6 26.Qc3+ f6 27.g3 Qe5 28.Qf3 f5 29.Bxe6 Rxe6
30.Qb3 Re7 31.Nf3 Qf6 32.Rfd4 Rae8 33.Rd6 Re6 34.Rxe6 Rxe6 35.Qa3 Nc8 36.Qb4 Re7
37.h4 Nb6 38.Rd6 Re6 39.Rxe6 Qxe6 40.Qd4+ Kh7 41.b3 Qd5 42.Qe3 Qd6 43.Ne5 Nd5
44.Qxh6+ Kxh6 45.Nf7+ Kh5 46.Nxd6 b5 47.Nf7 Nc3 48.Ne5 Nxa2+ 49.Kb2 Nb4 50.c3 Nd5
51.Nxc6 f4 52.gxf4 a6 53.c4 bxc4 54.bxc4 Nxf4 55.Ne5 Kxh4 56.Kc3 Kg5 57.Kd4 Kf5
58.Nc6 Ne6+ 59.Kd5 Nf4+ 60.Kd4 Ne6+ 61.Ke3 Nc5 62.Ne7+ Kf6 63.Nd5+ Ke5 64.f4+ Kd6
65.Nc3 Ne6 66.Ne4+ Kc6 67.Ng3 Kc5 68.f5 gxf5 69.Nxf5 Kxc4 70.Kd2 Kb3 71.Kc1 a5
72.Nd6 a4 73.Nb5 Kb4 74.Nd6 Nc5 75.Kb1 Kb3 76.Nb5 Ne4 77.Nd4+ Kc4 78.Nf3 Nc3+
79.Kb2 Kb4 80.Nd4 a3+ 81.Ka1 Kc4 82.Nc2 Kb3 83.Nxa3 Kxa3  1/2-1/2

[Event "Lichtenrader Autumn"]
[Site "Berlin GER"]
[Date "2011.10.12"]
[Round "5.15"]
[White "Tran,My Linh"]
[Black "Gaerths,R"]
[Result "1/2-1/2"]
[WhiteElo "2018"]
[BlackElo "2219"]

1.e4 g6 2.d4 Bg7 3.Nc3 d6 4.h3 a6 5.a4 Nf6 6.Nf3 O-O 7.Bg5 h6 8.Be3 Nc6 9.Be2 a5
10.Qd2 Kh7 11.Nh2 d5 12.f3 dxe4 13.fxe4 e5  1/2-1/2

[Event "ch-UKR w 2011"]
[Site "Poltava UKR"]
[Date "2011.10.12"]
[Round "6.6"]
[White "Bezkorovaina,M"]
[Black "Petrova,I"]
[Result "1-0"]
[WhiteElo "2023"]
[BlackElo "2107"]

1.e4 g6 2.d4 Bg7 3.Nc3 d6 4.Nf3 a6 5.Bc4 e6 6.a4 Ne7 7.O-O O-O 8.Re1 Nd7
9.Be3 c6 10.Qd2 d5 11.Bb3 Nf6 12.Bh6 dxe4 13.Bxg7 Kxg7 14.Nxe4 Nf5 15.a5 Nxe4
16.Rxe4 b6 17.Qc3 Bb7 18.axb6 Kg8 19.Qc5 Nd6 20.Rh4 Nc8 21.Ng5 Nxb6 22.Qe5 Nd7
23.Qe3 Nf6 24.Nxh7 Nh5 25.Rxh5 gxh5 26.Nxf8 Qxf8 27.Ra5 Qb4 28.Rxh5 Kf8 29.Bxe6 fxe6
30.Qxe6 Qxd4 31.Rf5+ Kg7 32.Rf7+  1-0

[Event "ch-UKR w 2011"]
[Site "Poltava UKR"]
[Date "2011.10.12"]
[Round "6.2"]
[White "Andrenko,I"]
[Black "Kalinina,M"]
[Result "1-0"]
[WhiteElo "2231"]
[BlackElo "2039"]

1.e4 d6 2.d4 g6 3.Nc3 Bg7 4.f4 c6 5.Nf3 Bg4 6.Be3 Nd7 7.Bc4 h5 8.O-O e6 9.Bb3 Ne7
10.d5 cxd5 11.exd5 e5 12.h3 Bxf3 13.Qxf3 Nf5 14.Bf2 exf4 15.Rae1+ Be5 16.Qxf4 Kf8
17.Qb4 b6 18.Ba4 a5 19.Qc4 Rc8 20.Bc6 Kg7 21.Ne4 Nc5 22.Nxc5 bxc5 23.Rxe5 dxe5
24.Bxc5 Qg5 25.Qc3 f6 26.Qxa5 Kh6 27.Qe1 Kh7 28.b4 Rhd8 29.Qc1 Qh4 30.c4 Ng3
31.Qe1 f5 32.Bf2 Qxc4 33.Bxg3 f4 34.Qxe5 Qxb4 35.Bxf4 Rf8 36.Qg5 Qd4+ 37.Kh2 Qg7
38.Be5 Qa7 39.Rf6 Rxf6 40.Qxf6 Rg8 41.a4 Rc8 42.d6 Rg8 43.d7  1-0

[Event "20th TCh-CRO 1b"]
[Site "Sibenik CRO"]
[Date "2011.10.12"]
[Round "9.1"]
[White "Saric,Ib"]
[Black "Sesar,A"]
[Result "1-0"]
[WhiteElo "2560"]
[BlackElo "1766"]

1.d4 d6 2.e4 g6 3.Nc3 Bg7 4.f4 Nd7 5.Nf3 b6 6.e5 c6 7.Bd3 d5 8.O-O a5 9.f5 Bb7
10.fxg6 hxg6 11.e6 Ndf6 12.exf7+ Kxf7 13.Ng5+ Kf8  1-0

[Event "11th Winterthur Open"]
[Site "Winterthur SUI"]
[Date "2011.10.12"]
[Round "5"]
[White "Gaehwiler,G"]
[Black "Kamber,B"]
[Result "1/2-1/2"]
[WhiteElo "2205"]
[BlackElo "2292"]

1.d4 g6 2.e4 Bg7 3.Nc3 d6 4.h3 a6 5.a4 b6 6.g3 Bb7 7.Bg2 Nd7 8.Nge2 e6 9.Be3 Ne7
10.Qd2 h6 11.O-O d5 12.exd5 Nxd5 13.Nxd5 Bxd5 14.Bxd5 exd5 15.Nc3 Nf8 16.f4 f5
17.Qg2 c6 18.g4 Qf6 19.b4 Ne6 20.b5 axb5 21.axb5 Rxa1 22.Rxa1 O-O 23.bxc6 Nxf4
24.Nxd5 Nxg2 25.Nxf6+ Bxf6 26.Kxg2 Rc8 27.gxf5 gxf5 28.c4 Rxc6 29.Ra4 Re6
30.Kf3 Re4 31.d5 Bd4 32.Bxh6 Rh4 33.Bf4 Rxh3+ 34.Ke2 Rh4 35.Kf3 Rh3+ 36.Ke2 Rh4
37.Ra8+ Kf7 38.Kf3 Rh3+ 39.Ke2 Rh4  1/2-1/2